| 000 | 00932nam a2200241 a 4500 | ||
|---|---|---|---|
| 999 |
_c5586 _d5586 |
||
| 001 | 5586 | ||
| 003 | BD-JhCC | ||
| 005 | 20171221084537.0 | ||
| 008 | 171218s2013 bg a|||| ||a| 000 0 ben d | ||
| 035 | _a(BD-JhCC)5586 | ||
| 040 |
_aBD-JhCC _dBD-JhCC |
||
| 041 | _aben | ||
| 082 |
_a004 _bISL 2013 |
||
| 100 | _aইসলাম, মোহাম্মদ আনিসুল | ||
| 245 |
_aতথ্য ও যোগাযোগ প্রযুক্তি একাদশ -দ্বাদশ শ্রেণি / _cমোহাম্মদ আনিসুল ইসলাম এবং কাজী ইকবালুর রশীদ |
||
| 260 |
_aঢাকা : _bহাসান বুক হাউস, _c২০১৩. |
||
| 300 |
_a240 p. : _bIll. ; _c25 cm. |
||
| 650 | _aComputer Science | ||
| 650 | _aComputer Engneering | ||
| 700 | _aরশীদ, কাজী ইকবালুর | ||
| 942 |
_2ddc _cBK |
||